|
|
|
|
| LEADER |
00000nab a2200000 a 4500 |
| 001 |
vtls010326623 |
| 003 |
SK-MaSNL |
| 005 |
20260426055927.0 |
| 008 |
111128c2003 xo r m 000 00slo |
| 015 |
|
|
|a SNBRA2011/12SVKPO
|
| 038 |
|
|
|a SVKPO
|
| 040 |
|
|
|a SVKPOCL
|b slo
|c SVKPOCL
|e AACR2
|
| 041 |
0 |
|
|a slo
|
| 044 |
|
|
|a xo
|c SK
|
| 080 |
|
|
|a 80(=16)+908(4)
|2 2001
|
| 080 |
|
|
|a 930.85(437.67)
|2 2001
|
| 080 |
|
|
|a 323.15(=161.2)(=162.4)(437.67)
|2 2001
|
| 080 |
|
|
|a 94(437.67)
|2 2001
|
| 100 |
1 |
|
|a Sedlák, Imrich,
|d 1933-2016
|4 aut
|9 103252
|
| 245 |
1 |
0 |
|a Vzťah Štúrovcov a Rusínov v období národného obrodenia
|c Imrich Sedlák
|
| 504 |
|
|
|a Bibliogr. odkazy
|
| 546 |
|
|
|a Res. rus.
|
| 650 |
0 |
7 |
|a národné obrodenie
|2 svkpocl
|9 3795
|
| 650 |
0 |
7 |
|a národné obrodenie
|x Rusíni
|x štúrovci
|x vzťahy
|z Slovensko východné
|2 svkpocl
|9 1242685
|
| 650 |
0 |
7 |
|a štúrovci
|2 svkpocl
|9 59026
|
| 651 |
|
7 |
|a Slovensko východné
|2 svkpocl
|9 161134
|
| 773 |
0 |
|
|t Cestou vzájomnosti = Šljachom jednosti / zostavila Natália Kiseľová
|d Banská Bystrica : Partner z. p., 2003
|g S. 96-113
|z 8096902989
|
| 852 |
|
|
|a SVKPO
|b KIS3GCP
|
| 958 |
|
|
|a SK
|
| 958 |
|
|
|a NB
|
| 958 |
|
|
|a SS
|
| 958 |
|
|
|a RN
|
| 958 |
|
|
|a UK
|
| 958 |
|
|
|a LX
|
| 999 |
|
|
|c 2201161
|d 2203091
|